000 00285nam a22001337a 4500
008 171010b xxu||||| |||| 00| 0 eng d
020 _a0385142714
041 _aeng
080 _a316
100 _a50
101 _aSOC
245 _aCOMMON DIFFERENCES
_cJOSEPH,G.I
942 _2udc
_cBK
999 _c32959
_d32959